Energetická politika EÚ ako jedna z podmienok udržateľnosti sociálneho systému

Energetická stabilita ako dôležitý aspekt ekonomickej stability. Nová energetická politika EÚ a aktuálne problémy. Analýza najvýznamnejších energetických partnerov EÚ, vybudovaná infraštruktúra a najvýznamnejšie projekty. Úloha diverzifikácie a potenciálne riziká.

Salvato in:
Dettagli Bibliografici
Autore principale: Budai, Andrej
Natura: Capitolo di libro
Lingua:slovacco
Soggetti:
Tags: Aggiungi Tag
Nessun Tag, puoi essere il primo ad aggiungerne!!

MARC

LEADER 00000nla$a2200000$$$4500
001 0114687
005 20240502072259.2
041 0 |a slo 
044 |a SK 
245 1 0 |a Energetická politika EÚ ako jedna z podmienok udržateľnosti sociálneho systému  |c Andrej Budai 
520 |a Energetická stabilita ako dôležitý aspekt ekonomickej stability. Nová energetická politika EÚ a aktuálne problémy. Analýza najvýznamnejších energetických partnerov EÚ, vybudovaná infraštruktúra a najvýznamnejšie projekty. Úloha diverzifikácie a potenciálne riziká. 
610 2 0 |a Európska únia 
610 2 0 |a politika energetická 
610 2 0 |a zdroje palivovo-energetické 
610 2 0 |a plynovody 
610 2 0 |a zásoby nerastné 
610 2 0 |a bezpečnosť ekonomická 
610 2 0 |a spolupráca medzinárodná 
610 2 0 |a diverzifikácia 
100 1 |a Budai, Andrej